Software jako technický a ekonomický problém.

Atribúty hromadnej výroby softwaru. Orientácia produkcie softwaru na zákazníka. Optimálne správanie sa výrobcov softwaru na trhu. Ergonómia a sociálne problémy softwaru (rekvalifikácia, zdravotné problémy, počítačové choroby). Predsudky ohľadom programovacích jazykov a orientácie výlučne na osobné p...

ver descrição completa

Na minha lista:
Detalhes bibliográficos
Autor principal: Král, Jaroslav
Formato: Capítulo de Livro
Idioma:tcheco
Assuntos:
Tags: Adicionar Tag
Sem tags, seja o primeiro a adicionar uma tag!

MARC

LEADER 00000naa a2200000 4500
001 r003231
005 20220819181126.1
041 0 |a cze 
044 |a [CS] 
245 1 0 |a Software jako technický a ekonomický problém.  |c Jaroslav Král 
520 |a Atribúty hromadnej výroby softwaru. Orientácia produkcie softwaru na zákazníka. Optimálne správanie sa výrobcov softwaru na trhu. Ergonómia a sociálne problémy softwaru (rekvalifikácia, zdravotné problémy, počítačové choroby). Predsudky ohľadom programovacích jazykov a orientácie výlučne na osobné počítače. Vývoj softwaru s uplatnením metódy vodopádu. CASE/CAD pre tvorbu softwaru. 
610 2 0 |a softvér 
610 2 0 |a zákazníci 
610 2 0 |a zabezpečenie programové 
610 2 0 |a trh 
610 2 0 |a ergonómia 
610 2 0 |a rekvalifikácia 
610 2 0 |a jazyky programovacie 
610 2 0 |a počítače osobné 
610 2 0 |a CASE/CAD 
100 1 |a Král, Jaroslav